000
00300nam a22001337a 4500
008
181006b xxu||||| |||| 00| 0 eng d
020
_a
0395483174
041
_a
eng
080
_a
038
100
_a
23
101
_a
FJA
245
_a
Roget's II. The New Thesaurus
_c
Saukhanov, A.H
942
_2
udc
_c
BK
999
_c
48936
_d
48936